00781nas a2200229Ia 4500001002400000003001000024008004100034040002500075041001300100100001900113210001900132222001900151245004600170250001100216260000900227501012300236300001200359362003000371500011900401650002000520700001100540dg56-27428 [d000003118]IT-MiCISF161014c99999999xx |||||||||||| ||und|| aIT-MiCISFcIT-MiCISF aITALIANO aFornero Elena  aIl nosro tempo aIl nosro tempo 0aBambini, banchi di scuola di mille colori a1a ed. c1998 bCISF - Centro Internazionale Studi Famiglia - Via Giotto, 36 20145 MILANO (non commercial uses only)cCopyright 2016 app. 4-5 a n. 7, 22 febbraio [1998] aBergamaschi M., Zamperini N., Bucci M., Nibali S. Tema: scuola, infanzia, famiglia-migranti, operatori, mediazione aSCUOLAvdossier aAA.VV.